000 00560nam a2200229Ia 4500
003 OSt
005 20220918201608.0
006 a|||||r|||| 00| 0
007 ta
008 220917b |||||||| |||| 00| 0 eng d
024 _a95,046
037 _cTextual
040 _aARTS
_cARTS
_beng
041 _2eng
_aeng
082 _aV2053:1:L7, C0
100 _aMalleson
_999700
245 0 _aDeplix, Joseph Francois, Marquis
260 _c1890
650 _aHISTORY
942 _hV2053:1:L7, C0
_cTEXL
_2CC
999 _c218670
_d218670